000 00445nam a2200193Ia 4500
005 20250210060144.0
008 240331s9999 xx 000 0 und d
020 _a8170332406
082 _bJET
_22114
_a305.4
100 _aJethani, U
245 0 _aSingle Women
260 _aJaipur
_bRawat Publications
_c1994
300 _avii, 187 p.,
650 _aWomen
650 _aSinglehood
650 _aSociety
650 _aMarriage
942 _cL
999 _c1668
_d1668